Statistics for Better Call Saul Trivia #F

Click here to take the quiz!

General Stats

  • This quiz has been taken 21 times
  • The average score is 9 of 15

Answer Stats

HintAnswer% Correct
Gus' surnameFring
100%
"And I didn't want that. Because I was having too much __" -Kim about stopping the scam on Howard and breaking up with Jimmy.Fun
100%
State where KIm lives after the events of the BCS timelineFlorida
86%
Manuel is Ignacios __Father
79%
Gus' headquarter is at a chicken __Farm
71%
Jimmys and Kims secretaryFrancesca
71%
Security guard at the Cottonwood Mall in OmahaFrank
64%
Employee of TravelWire killed by LaloFred Whalen
64%
Saul yells at Howard that he shoots lightning bolts from his __Fingertips
57%
Howards actorPatrick Fabian
57%
Gus dedicated a __ to his late partner MaxFountain
50%
Episode which tells Mikes backstoryFive-O
43%
Many episodes start with a __ before the introFlashback
43%
Police officer killed by MikeFensky
14%
Plane used in an ad shootFifi
14%

Score Distribution

Percentile by Number Answered

Percent of People with Each Score

Your Score History

You have not taken this quiz